Normal view
MARC view
- Genetics.
Entry Topical Term
001 - CONTROL NUMBER
- control field: 39852
003 - CONTROL NUMBER IDENTIFIER
- control field: OSt
005 - DATE AND TIME OF LATEST TRANSACTION
- control field: 20190920092135.0
008 - FIXED-LENGTH DATA ELEMENTS
- fixed length control field: 190920|| aca||aabn | a|a d
040 ## - CATALOGING SOURCE
- Original cataloging agency: OSt
- Transcribing agency: OSt
150 ## - HEADING--TOPICAL TERM
- Topical term or geographic name entry element: Genetics.
670 ## - SOURCE DATA FOUND
- Source citation: Work cat.: (OSt)14205: 39363 Grossman, Lev., The geniuses who tracked down the gene/, c2016.
